LEADER 00801nam0-22002891i-450- 001 990006936300403321 005 20041213104636.0 035 $a000693630 035 $aFED01000693630 035 $a(Aleph)000693630FED01 035 $a000693630 100 $a20010719d1998----km-y0itay50------ba 101 0 $aita 105 $ay-------001yy 200 1 $aPellegrini di Dio$ealle origini dell'Anno Santo$fPietro Mezzapesa 210 $aNoci$cLa Scala$dc1998 215 $a215 p.$d20 cm 610 0 $aGiubileo$aAnno Santo 676 $a291.35$v21$zita 700 1$aMezzapesa,$bPietro$0255391 801 0$aIT$bUNINA$gRICA$2UNIMARC 901 $aBK 912 $a990006936300403321 952 $a291.35 MEZ 1$bBibl.38834$fFLFBC 959 $aFLFBC 996 $aPellegrini di Dio$9628371 997 $aUNINA LEADER 02598nam2 22003733i 450 001 SUN0071955 005 20180510110548.73 010 $a978-88-7051-304-2$d0.00 100 $a20091016d2007 |0itac50 ba 101 $aita 102 $aIT 105 $a|||| ||||| 200 1 $a[1]: *Biologia della cellula$fa cura di Roberto Colombo ed Ettore Olmo$bscritti di] Francesco Angelini ... [et al.] 210 $aMilano$cEdi-Ermes$d2007 215 $aXII, 340 p.$cill.$d30 cm. 461 1$1001SUN0096396$12001 $a*Biologia della cellula, biologia dei tessuti$fa cura di Roberto Colombo ed Ettore Olmo$bscritti di] Francesco Angelini ... [et al.]$v1$1210 $aMilano$cEdi-Ermes$d2007$1215 $a2 volumi$cill.$d31 cm. 620 $dMilano$3SUNL000284 676 $a611.0181$cCitologia. Biologia della cellula$v22 702 1$aColombo$b, Roberto$3SUNV014562 702 1$aAngelini$b, Francesco$3SUNV036705 702 1$aOlmo$b, Ettore$3SUNV056852 712 $aEdi.Ermes$3SUNV007709$4650 801 $aIT$bSOL$c20181109$gRICA 912 $aSUN0071955 950 $aUFFICIO DI BIBLIOTECA DEL DIPARTIMENTO DI SCIENZE E TECNOLOGIE AMBIENTALI BIOLOGICHE E FARMACEUTICHE$d17 PREST Ia64 $e17 BIB1615 950 $aUFFICIO DI BIBLIOTECA DEL DIPARTIMENTO DI SCIENZE E TECNOLOGIE AMBIENTALI BIOLOGICHE E FARMACEUTICHE$d17 PREST Ia66 $e17 BIB1616 950 $aUFFICIO DI BIBLIOTECA DEL DIPARTIMENTO DI SCIENZE E TECNOLOGIE AMBIENTALI BIOLOGICHE E FARMACEUTICHE$d17 PREST Ia68 $e17 BIB1617 950 $aUFFICIO DI BIBLIOTECA DEL DIPARTIMENTO DI SCIENZE E TECNOLOGIE AMBIENTALI BIOLOGICHE E FARMACEUTICHE$d17 CONS Ia57 $e17 BIB420 995 $aUFFICIO DI BIBLIOTECA DEL DIPARTIMENTO DI SCIENZE E TECNOLOGIE AMBIENTALI BIOLOGICHE E FARMACEUTICHE$bIT-CE0101$gBIB$h1615$kPREST Ia64$op$qa 995 $aUFFICIO DI BIBLIOTECA DEL DIPARTIMENTO DI SCIENZE E TECNOLOGIE AMBIENTALI BIOLOGICHE E FARMACEUTICHE$bIT-CE0101$gBIB$h1616$kPREST Ia66$op$qa 995 $aUFFICIO DI BIBLIOTECA DEL DIPARTIMENTO DI SCIENZE E TECNOLOGIE AMBIENTALI BIOLOGICHE E FARMACEUTICHE$bIT-CE0101$gBIB$h1617$kPREST Ia68$op$qa 995 $aUFFICIO DI BIBLIOTECA DEL DIPARTIMENTO DI SCIENZE E TECNOLOGIE AMBIENTALI BIOLOGICHE E FARMACEUTICHE$bIT-CE0101$gBIB$h420$kCONS Ia57$oc$qa 996 $aBiologia della cellula$9714961 997 $aUNICAMPANIA